00873nam a2200229Ii 450000100060000000300090000600800410001502000180005604000330007404100080010708200160011510000270013124500810015826401040023930000120034333600260035533700280038133800270040994000520043699900170048895201380050516168CO-ViMGA241108s9999||||xx |||||||||||||| ||und|| a9789587580013 aCO-ViMGAbspaerdacCO-ViMGA0 aunk04a823.91 C87a1 aAgatha Christie94425510aAgatha Christie :blos cuadernos secretos y dos novelas inéditas de Poirot 1a[Lugar de publicación no identificado] : Suma de Letras, [Fecha de publicación no identificada] avolumen atextbtxt2rdacontent aunmediatedbn2rdamedia avolumebnc2rdacarrier aidficha_siabuc: 15838. -- ficha_no_siabuc:16168 c49821d49821 001040708001aMEVIGERRbMEVIGERRcGENd2012-07-03o823.91 C87apECA21313r2024-11-26 10:01:23tEj.1w2024-11-26yBKz15838 | 20579